| 000 | 01192nam a2200361 a 4500 | ||
|---|---|---|---|
| 001 | |||
| 003 | DO-SdBPM | ||
| 005 | 20260316122626.0 | ||
| 007 | ta | ||
| 008 | 100223s2008 ag dr 000 p spa d | ||
| 020 | _a9789505116362 | ||
| 040 |
_aDO-SdBPM _bspa _cBPMSU _erda |
||
| 082 | 4 |
_aA861.6 _bW223r 2008 _222 |
|
| 100 | 1 |
_aWalsh, María Elena, _d1930-2011. _eautora |
|
| 245 | 1 | 3 |
_aEl reino del revés / _cMaría Elena Walsh ; ilustraciones Nora Hilb. |
| 250 | _a Edición María Fernanda Maquieira. | ||
| 264 |
_aMadrid : _bEdiciones Alfaguara, _c2008 |
||
| 300 |
_a90 págianas ; _c23 cm. |
||
| 336 |
_atexto _btxt _2rdacontent |
||
| 337 |
_asin mediación _bn _2rdamedia |
||
| 338 |
_avolumen _bnc _2rdacarrier |
||
| 490 | 0 | _aAlfaguara. Infantil-juvenil | |
| 500 | _aIncluye datos biográficos de la autora | ||
| 586 | _a | ||
| 590 | _aInventariado, 2025/VM | ||
| 650 | 7 | _aPoesía infantil argentina | |
| 650 | 7 |
_aTranvías _vPoesías infantiles |
|
| 650 | 7 | _aLiteratura infantil argentina | |
| 650 | 7 | _aLibros ilustrados para niños | |
| 700 | 1 |
_a Hilb, Nora, _d1953- _eilustraciones |
|
| 910 | _aVMateo V. Control de calidad. BPMSU | ||
| 942 |
_2ddc _cBK |
||
| 999 |
_c15362 _d15362 |
||